00628nam a22001697a 4500003000900000008004100009040007100050082001700121100001900138245002800157260004100185300002800226505014500254650002700399650001900426650001300445AR-CdUCM190506b ||||| |||| 00| 0 spa d aMUNICIPALIDAD PROVINCIAL DEL CUSCOcBIBLIOTECA MUNICIPAL DEL CUSCO a818.5 /bM43 aMerton, Thomas aEl exilio y la gloria / aSantiago de Chile :bPomaire,c1960. a339 páginas ;c18 cm. aContenido: El convenio de la redención -- Un intervalo en Lyon -- El convento de Laval -- La noticia -- Sentencia de exilio -- El viaje... aDirección espiritual aVida religiosa aMonacato